| 000 | 00496nam a2200181Ia 4500 | ||
|---|---|---|---|
| 003 | GCL | ||
| 008 | 140319s9999 xx 000 0 ara d | ||
| 040 |
_aGCL / _cGCL |
||
| 082 | 0 | 4 |
_a790.43 _bس د |
| 100 | 1 | _aسمير فريد | |
| 245 | 1 | 0 |
_aدليل السينما العربية / _cسمير فريد |
| 300 | _a55 ص | ||
| 490 | _a | ||
| 650 | 0 | 4 | _aوسائل الاعلام |
| 650 | 0 | 4 | _aالافلام السينمائية |
| 650 | 0 | 4 | _aالسينما العربية |
| 942 |
_2ddc _cBK |
||
| 999 |
_c38477 _d38477 |
||